00358cam a22000977a 4500008004000000082001300040245010900053260004700162300001000209700004100219180718b1961 xxu||||| |||| 00| 0 eng d aL86 N213 aCost accounting and financial control in USA, UK and W. germanycby National Productivity Council, India aDelhibNational Productivity Councilc1961 a65+p. aIndia. National Productivity Council